[Event "ch-RUS Girls U20"]
[Site "Vladimir RUS"]
[Date "2002.03.06"]
[Round "6"]
[White "Khusnutdinova,L"]
[Black "Fominykh,M"]
[Result "0-1"]
[WhiteElo "2250"]
[BlackElo "2163"]

1.d4 Nf6 2.Nf3 g6 3.g3 Bg7 4.Bg2 O-O 5.c4 d6 6.O-O Nbd7 7.Nc3 e5 8.e4 a6
9.h3 b5 10.cxb5 axb5 11.b4 Bb7 12.Re1 c6 13.Be3 exd4 14.Nxd4 Ne5 15.f4 Nc4
16.Bf2 Re8 17.Qc2 Nd7 18.a4 bxa4 19.Nxa4 d5 20.e5 Qc8 21.b5 cxb5 22.Nxb5 Re6
23.Nac3 Ndb6 24.Rxa8 Bxa8 25.Qd3 Qd7 26.Ra1 Re8 27.Ra7 Qd8 28.Nc7 Re7 29.Rxa8 Nxa8
30.Nxa8 Nxe5 31.fxe5 Qxa8 32.Kh2 Qa3 33.Qf3 Rxe5 34.Nxd5 Qd6 35.Qb3 Re2 36.Qf3 Re8
37.Be3 h5 38.Bg5 Re6 39.Bf4 Qc5 40.Qd3 Bd4 41.Qd1 Bf2 42.h4 Re1 43.Nf6+ Kg7
44.Qd8 Bg1+ 45.Kh1 Bd4+ 46.Kh2 Bxf6 47.Bh6+ Kxh6 48.Qd2+ Qe3  0-1

[Event "FSGM March"]
[Site "Budapest HUN"]
[Date "2002.03.08"]
[Round "7"]
[White "Butnorius,A"]
[Black "Dembo,Y"]
[Result "1/2-1/2"]
[WhiteElo "2449"]
[BlackElo "2346"]

1.d4 Nf6 2.Nf3 g6 3.c4 Bg7 4.g3 O-O 5.Bg2 d6 6.O-O Nc6 7.Nc3 a6 8.b3 Rb8
9.Nd5 Bd7 10.Nxf6+ Bxf6 11.Bh6 Re8 12.Rc1 e5 13.d5 Nd4 14.Nxd4 exd4 15.Re1 Bf5
16.Qd2 Qd7 17.c5 Bh3 18.c6 bxc6 19.dxc6 Qe6 20.Bf3 Rb5 21.e3 dxe3 22.Rxe3 Re5
23.Bf4 Rxe3 24.Qxe3 Bd4 25.Qxe6 Rxe6 26.Bd2 Rf6 27.Rc4 Rxf3 28.Rxd4 Rf5  1/2-1/2

[Event "TCh-AUT 2001-2"]
[Site "Dornbirn AUT"]
[Date "2002.03.08"]
[Round "9"]
[White "Amann,G"]
[Black "Winiwarter,F"]
[Result "1-0"]
[WhiteElo "2270"]
[BlackElo "2188"]

1.d4 Nf6 2.Nf3 g6 3.c4 Bg7 4.g3 O-O 5.Bg2 d6 6.Nc3 Nc6 7.O-O a6 8.h3 Rb8
9.Bg5 h6 10.Be3 b5 11.cxb5 axb5 12.Qc1 Kh7 13.Nxb5 Rxb5 14.Qxc6 Rxb2 15.Rfc1 Be6
16.a4 Qb8 17.a5 Qb3 18.Nd2 Qb5 19.Qxb5 Rxb5 20.Rxc7 Nd5 21.Bxd5 Bxd5 22.Rxe7 Ra8
23.a6 Kg8 24.Rd7 Rb6 25.Ra5 Be6 26.Rb7 Raxa6 27.Rxb6 Rxa5 28.Rxd6 Bxh3 29.d5 Be5
30.Rd8+ Kg7 31.Nc4 Ra1+ 32.Kh2 Bf6 33.Rd6 Bf1 34.Rxf6  1-0

[Event "TCh-CZE 2001-2"]
[Site "CZE"]
[Date "2002.03.09"]
[Round "8"]
[White "Jurek,J"]
[Black "Fajman,P"]
[Result "1/2-1/2"]
[WhiteElo "2370"]
[BlackElo "2294"]

1.Nf3 Nf6 2.c4 g6 3.d4 Bg7 4.g3 O-O 5.Bg2 d6 6.Nc3 Nc6 7.O-O Bd7 8.h3 Qc8
9.Kh2 e5 10.d5 Nd4 11.Ne1 Re8 12.e3 Nf5 13.Nf3 h6 14.Rb1 g5 15.Nd2 Qd8 16.b4 h5
17.Nde4 Nxe4 18.Nxe4 g4 19.c5 gxh3 20.Bxh3 Nh6 21.Bxd7 Qxd7 22.Qxh5 dxc5
23.Qxh6 Qxd5 24.Qh4 Re6 25.Bb2 f5 26.Rfd1 Qxe4 27.Qxe4 fxe4 28.bxc5 Rf8 29.Kg2 Ra6
30.a3 Rf7 31.Rbc1 Ra5 32.c6 b6 33.Rc4 Bf8 34.Rd8 Rb5 35.Bc3 Rb3 36.Bxe5 Rxa3
37.Rxe4 Ra2 38.Rf4 Rc2 39.Rxf7 Kxf7 40.Ra8 a5 41.Bxc7 Rxc6 42.Bxb6 Rxb6 43.Rxa5 Rb2
44.Rf5+ Ke7 45.g4 Bg7 46.Kg3 Ke6 47.Ra5 Bc3 48.Rf5 Be1  1/2-1/2

[Event "ch-RUS Boys U20"]
[Site "Vladimir RUS"]
[Date "2002.03.09"]
[Round "8"]
[White "Shinkevich,V"]
[Black "Kokarev,D"]
[Result "0-1"]
[WhiteElo "2480"]
[BlackElo "2478"]

1.d4 Nf6 2.c4 g6 3.Nf3 Bg7 4.g3 O-O 5.Bg2 d6 6.Nc3 Nc6 7.O-O a6 8.Qd3 e5
9.dxe5 dxe5 10.Qxd8 Rxd8 11.Bg5 Be6 12.Nd2 Rdc8 13.Bxf6 Bxf6 14.Nde4 Be7
15.Nd5 Bf8 16.Ng5 Bxd5 17.cxd5 Nd4 18.e3 Nb5 19.Rac1 Be7 20.h4 h6 21.Ne4 Nd6
22.Nc5 Re8 23.e4 Bd8 24.Rc2 h5 25.Re1 Ra7 26.a4 a5 27.Bf1 Kg7 28.f3 c6 29.dxc6 bxc6
30.Rd1 Nc8 31.Kg2 Bb6 32.Nb3 Ne7 33.Bc4 Rd8 34.Rxd8 Bxd8 35.Rd2 Bb6 36.Rd6  0-1

[Event "Ciocaltea Mem"]
[Site "Bucharest ROM"]
[Date "2002.03.10"]
[Round "7"]
[White "Rogozenko,D"]
[Black "Vajda,L"]
[Result "0-1"]
[WhiteElo "2530"]
[BlackElo "2513"]

1.d4 Nf6 2.Nf3 g6 3.c4 Bg7 4.g3 O-O 5.Bg2 d6 6.Nc3 Nbd7 7.O-O e5 8.e4 c6
9.h3 a6 10.Be3 Re8 11.Qc2 exd4 12.Nxd4 Rb8 13.Rad1 Qe7 14.Nb3 b6 15.Rfe1 Bb7
16.f4 c5 17.Nd5 Nxd5 18.exd5 Qf8 19.Bc1 Rxe1+ 20.Rxe1 Re8 21.Re2 Bc8 22.Qd1 b5
23.Na5 Nb6 24.b3 h5 25.Qe1 Bc3 26.Bd2 Rxe2 27.Qxe2 Bxd2 28.Qxd2 Qe8 29.Kf2 Bf5
30.Qc3 Qd7 31.Qf6 bxc4 32.bxc4 Nc8 33.Nc6 Bd3 34.Qc3 Qf5 35.a4 g5 36.Bf3 gxf4
37.gxf4 a5 38.Qxa5 Qxf4 39.Qd8+ Kg7 40.h4 Bxc4 41.Kg2 Ba6 42.a5 c4 43.Nb8 c3
44.Nd7 c2 45.Qf8+ Kh7 46.Nf6+ Kg6 47.Nxh5 Bf1+ 48.Kg1 Qe3+  0-1

[Event "TCh-AUT 2001-2"]
[Site "Dornbirn AUT"]
[Date "2002.03.10"]
[Round "11"]
[White "Postl,A"]
[Black "Hoellrigl,W"]
[Result "1-0"]
[WhiteElo "2283"]
[BlackElo "2203"]

1.Nf3 Nf6 2.g3 g6 3.Bg2 Bg7 4.d4 O-O 5.c4 d6 6.O-O Nbd7 7.Qc2 c6 8.e4 e5
9.Rd1 Re8 10.Nc3 Qc7 11.h3 exd4 12.Nxd4 Nc5 13.Bf4 Nh5 14.Be3 Be6 15.b4 Nd7
16.Nxe6 Rxe6 17.Rac1 Rae8 18.Qb3 Kh8 19.g4 Nhf6 20.Nd5 Qb8 21.Nf4 R6e7 22.c5 dxc5
23.bxc5 Qc7 24.Rb1 Nf8 25.f3 g5 26.Ne2 h6 27.Nd4 Rd7 28.Nf5 Red8 29.Nd6 Kg8
30.Rd2 Qb8 31.Rbd1 Ne6 32.Bf1 Ne8 33.Bc4 Nxc5 34.Bxf7+ Kh8 35.Bxc5 Nxd6 36.Be6 Nxe4
37.Bxd7 Nxc5 38.Qe3 Nxd7 39.Kg2 Bf6 40.Qe6 Qf4 41.Rxd7 Rxd7 42.Rxd7 Bg7 43.Qg6  1-0

[Event "Mediteran Cup WGM"]
[Site "Rijeka CRO"]
[Date "2002.03.11"]
[Round "3"]
[White "Medic,Mir"]
[Black "Kaps,D"]
[Result "0-1"]
[WhiteElo "2273"]
[BlackElo "2243"]

1.d4 Nf6 2.g3 g6 3.Bg2 Bg7 4.c4 O-O 5.Nf3 d6 6.O-O a6 7.Nc3 Nc6 8.h3 Rb8
9.a3 Na5 10.Nd2 Nd7 11.e3 c5 12.Ne2 b5 13.cxb5 axb5 14.b4 Nc4 15.bxc5 dxc5
16.Rb1 Ba6 17.Nb3 b4 18.a4 Na3 19.Bxa3 bxa3 20.Re1 c4 21.Na1 Rxb1 22.Qxb1 Qa5
23.Bc6 Rb8 24.Qc1 Nb6 25.Rd1 Rc8 26.Bb5 Bxb5 27.axb5 c3 28.Rd3 Nd5 29.Nf4 Nxf4
30.gxf4 e6 31.Qb1 a2 32.Qc1 Bf8 33.Nc2 Qxb5 34.Rd1 Rb8 35.Rf1 Qb1  0-1

[Event "Mediteran Cup WGM"]
[Site "Rijeka CRO"]
[Date "2002.03.15"]
[Round "8"]
[White "Macek,V"]
[Black "Kaps,D"]
[Result "1/2-1/2"]
[WhiteElo "2239"]
[BlackElo "2243"]

1.d4 Nf6 2.c4 g6 3.Nf3 Bg7 4.g3 O-O 5.Bg2 d6 6.O-O a6 7.Nc3 Nc6 8.d5 Na5
9.Nd2 c5 10.Qc2 Rb8 11.b3 b5 12.Bb2 bxc4 13.bxc4 Bh6 14.f4 e5 15.dxe6 Bxe6
16.Nd5 Rxb2 17.Qxb2 Bxd5 18.cxd5 Bg7 19.Qa3 Ng4 20.Rab1 Ne3 21.Bf3 h5 22.Rfc1 Bd4
23.Kh1 h4 24.Nf1 Nxf1 25.Rxf1 Nc4 26.Qc1 Ne3 27.Rg1 hxg3 28.Rxg3 Qf6 29.Rb3 Re8
30.Qb1 Qxf4 31.Rb8 Qe5 32.Qb6 Kg7 33.Rxe8 Qxe8 34.Qxd6 Nf5 35.Qf4 Nxg3+ 36.hxg3 Be3
37.Qe4 Qxe4 38.Bxe4 Kf6 39.Kg2 Ke5 40.Kf3 Bg5 41.Bd3 Kxd5 42.Bxa6 Kd4  1/2-1/2

[Event "Supercom Cup"]
[Site "Bucharest ROM"]
[Date "2002.03.19"]
[Round "3"]
[White "Nanu,C"]
[Black "Tikhomirov,S"]
[Result "1-0"]
[WhiteElo "2412"]
[BlackElo "2326"]

1.d4 Nf6 2.c4 d6 3.Nf3 g6 4.g3 Bg7 5.Bg2 O-O 6.O-O a6 7.Nc3 Nc6 8.e4 Bg4
9.Be3 Qd7 10.Qd3 Rfe8 11.d5 Nd8 12.Nd2 Bh3 13.f4 Bxg2 14.Kxg2 Ng4 15.Bg1 e6
16.h3 Nh6 17.g4 f6 18.a4 a5 19.Nb3 b6 20.f5 e5 21.Nc1 Nhf7 22.N1e2 Nb7 23.Ng3 Kf8
24.h4 g5 25.Nh5 h6 26.hxg5 hxg5 27.Be3 Nc5 28.Qc2 Nh6 29.Kf3 Kf7 30.Rh1 Rh8
31.Rh3 Ng8 32.Rah1 Bf8 33.Ng3 Rh6 34.Bxc5 bxc5 35.Rxh6 Nxh6 36.Nb5 Bg7 37.Nh5 Bf8
38.Rh3 Ra6 39.Qh2 Ra8 40.Nxf6 Kxf6 41.Rxh6+  1-0

[Event "Spring Festival"]
[Site "Budapest HUN"]
[Date "2002.03.19"]
[Round "5"]
[White "Szirmai,Ed"]
[Black "Martini,B"]
[Result "1/2-1/2"]
[WhiteElo "2154"]
[BlackElo "2220"]

1.Nf3 Nf6 2.c4 g6 3.d4 Bg7 4.g3 O-O 5.Bg2 d6 6.O-O Nc6 7.Nc3 a6 8.Re1 Rb8
9.e4 Bg4 10.Be3 b5 11.cxb5 axb5 12.h3 Bd7 13.a3 Na5 14.e5 Ne8 15.Bg5 f6 16.Bf4 e6
17.Ne4 f5 18.Nc3 h6 19.h4 d5 20.Bf1 c6 21.Na2 Qe7 22.Nb4 Nc7 23.b3 Nb7 24.Nd3 c5
25.dxc5 Nxc5 26.Nxc5 Qxc5 27.Qd2 Kh7 28.Rec1 Qb6 29.Be3 Qb7 30.a4 Rfc8 31.axb5 Nxb5
32.Bxb5 Rxc1+ 33.Qxc1 Rc8 34.Qd2 Qxb5 35.Ra3  1/2-1/2

[Event "Suetin Mem"]
[Site "Tula RUS"]
[Date "2002.03.25"]
[Round "3"]
[White "Gusev,Al"]
[Black "Shpagin,V"]
[Result "1-0"]
[WhiteElo "2365"]
[BlackElo "2028"]

1.d4 Nf6 2.Nf3 g6 3.c4 Bg7 4.g3 O-O 5.Bg2 d6 6.O-O Nbd7 7.Qc2 c6 8.Nc3 e5
9.Rd1 Qe7 10.e4 Ne8 11.b3 Rb8 12.Bg5 f6 13.Be3 f5 14.dxe5 fxe4 15.Nxe4 Nxe5
16.Nxe5 Bxe5 17.Bxa7 Ra8 18.Bd4 Bf5 19.Bxe5 Qxe5 20.Qc3 Bxe4 21.Qxe5 dxe5
22.Bxe4 Nf6 23.Bf3 e4 24.Be2 Rfe8 25.a4 e3 26.f3 Rad8 27.Rxd8 Rxd8 28.Rd1 Ra8
29.Rd3 Re8 30.f4 Re7 31.Kg2 Nd7 32.Kf3 Nc5 33.Rxe3 Rd7 34.a5 Rd2 35.b4 Na6
36.Re7 Nxb4 37.Rxb7 Nc2 38.a6  1-0

[Event "57th ch-YUG"]
[Site "Banja Koviljaca YUG"]
[Date "2002.03.27"]
[Round "11"]
[White "Abramovic,B"]
[Black "Damljanovic,B"]
[Result "1/2-1/2"]
[WhiteElo "2524"]
[BlackElo "2545"]

1.d4 Nf6 2.c4 g6 3.Nf3 Bg7 4.g3 O-O 5.Bg2 d6 6.Nc3 c6 7.O-O Qa5 8.h3 e5 9.e4 Nbd7
10.Re1 exd4 11.Nxd4 Ne5 12.Bf1 Be6 13.Nxe6 fxe6 14.Be2 Rad8 15.Be3 c5 16.f4 Nc6
17.Rf1 Kh8 18.Kg2 d5 19.exd5 exd5 20.cxd5 Nd4 21.Bf3 Qb4 22.Rf2 Rfe8 23.Qd3 Nxf3
24.Kxf3 c4 25.Qd2 Qe7 26.Bd4 Qd7 27.Kg2 b5 28.a3 a5 29.Rd1 b4 30.axb4 axb4
31.Bxf6 Bxf6 32.Na2 b3 33.Nb4 Qd6 34.Nc6 Ra8 35.Re2 Rxe2+ 36.Qxe2 c3 37.Ne5 Bxe5
38.fxe5 Qc5 39.Qf3 c2 40.Qf6+ Kg8 41.Qe6+ Kh8  1/2-1/2

[Event "Suetin Mem"]
[Site "Tula RUS"]
[Date "2002.03.27"]
[Round "5"]
[White "Skatchkov,P"]
[Black "Kupreichik,V"]
[Result "1/2-1/2"]
[WhiteElo "2464"]
[BlackElo "2421"]

1.d4 Nf6 2.Nf3 g6 3.c4 Bg7 4.g3 O-O 5.Bg2 d6 6.O-O Nc6 7.Nc3 e5 8.d5 Ne7
9.c5 Ne8 10.cxd6 cxd6 11.Qb3 h6 12.e4 f5 13.Nd2 fxe4 14.Ndxe4 Nf5 15.Be3 Nxe3
16.fxe3 h5 17.Rxf8+ Bxf8 18.Rf1 Bh6 19.Kh1 Bf5 20.Qxb7 Bxe3 21.Qa6 Rb8 22.Qe2 Bd4
23.Nb5 Qb6 24.Nxd4 Qxd4 25.b3 Rc8 26.Rd1 Qb4 27.Rf1 Kg7 28.Qe3 Rc7 29.Ng5 Qb6
30.Qd2 Qd4 31.Qe2 Qg4 32.Qe3 Qd4 33.Qe2 Qg4 34.Qe3 Qd4 35.Qe2  1/2-1/2

[Event "FSGMB April"]
[Site "Budapest HUN"]
[Date "2002.04.05"]
[Round "4"]
[White "Horvath,P1"]
[Black "Anagnostopoulos,D"]
[Result "0-1"]
[WhiteElo "2489"]
[BlackElo "2453"]

1.d4 Nf6 2.Nf3 g6 3.c4 Bg7 4.g3 O-O 5.Bg2 d6 6.O-O Nc6 7.Nc3 a6 8.b3 Rb8
9.Nd5 Nh5 10.Bb2 e6 11.Ne3 f5 12.Qd2 Ne7 13.Rac1 Nf6 14.c5 b5 15.cxb6 cxb6
16.Ba3 Bb7 17.Ng5 Qd7 18.Qb4 Bxg2 19.Kxg2 Rfd8 20.Qc4 Nfd5 21.Qd3 h6 22.Nf3 b5
23.Nxd5 exd5 24.Bb4 Kf7 25.h4 Rdc8 26.Bd2 Ng8 27.Bf4 Nf6 28.Rfd1 Ne4 29.a3 Kg8
30.Bd2 Kh7 31.Be1 f4 32.Nd2 Re8 33.Nf1 Re7 34.Rc2 h5 35.f3 Nxg3 36.Bxg3 fxg3
37.Nxg3 Rbe8 38.Rc3 Bf6 39.Rh1 Kg7 40.Kf1 Kf7 41.Rh2 Qa7 42.Rc6 Re3 43.Qc2 Qxd4
44.Rxd6 Rc3 45.Qb1 Qf4 46.Rd7+ Ke6 47.Qxg6 Kxd7 48.Qf7+ Re7 49.Qxd5+ Kc7  0-1

[Event "FSIMA April"]
[Site "Budapest HUN"]
[Date "2002.04.05"]
[Round "4"]
[White "Vismara,D"]
[Black "Bors,T"]
[Result "0-1"]
[WhiteElo "2295"]
[BlackElo "2250"]

1.Nf3 Nf6 2.c4 g6 3.d4 Bg7 4.g3 O-O 5.Bg2 d6 6.Nc3 Bg4 7.h3 Bxf3 8.Bxf3 Nc6
9.Be3 Nd7 10.Qd2 e5 11.Bxc6 bxc6 12.d5 c5 13.Bh6 f5 14.Bxg7 Kxg7 15.O-O-O Qb8
16.h4 h6 17.h5 g5 18.f4 g4 19.e4 Qb4 20.Qd3 Nb6 21.b3 Rae8 22.exf5 e4 23.Qd2 Qa3+
24.Qb2 Qxb2+ 25.Kxb2 Rxf5 26.Rde1 e3 27.Kc2 a6 28.Rh4 Kf7 29.Rxg4 Rxh5 30.Kd3 Rh3
31.Rxe3 Rxe3+ 32.Kxe3 h5 33.Rg5 h4 34.Kf3 hxg3 35.Rxg3 Rh2 36.Ne2 Nd7 37.Rg2 Rh3+
38.Kg4 Rd3 39.Ng3 Nf6+ 40.Kf5 Re3 41.Nf1 Rh3 42.Ng3 Ng8 43.Kg4 Rh6 44.Ne4 Rg6+
45.Ng5+ Kf6 46.Re2 Kg7 47.Kf3 Rf6 48.Re8 Nh6 49.Re7+ Kg6 50.Rxc7 Nf5 51.Ne6 Nh4+
52.Ke4 Kh5 53.Rc6 Nf5 54.Rxa6 Kg4 55.Ra8 Ng3+ 56.Ke3 Nf5+ 57.Ke2 Ng3+ 58.Kd3 Rh6
59.Rd8 Nf5 60.Kc3 Rh2 61.Rg8+ Kf3 62.a3 Ra2 63.Ra8 Ne3 64.b4 cxb4+ 65.Kxb4 Rb2+
66.Kc3 Rc2+ 67.Kb3 Rc1 68.Kb2 Rxc4 69.Ra6 Nf5 70.Rc6 Ra4 71.Kb3 Ra5 72.Rc3+ Ke4
73.Rc4+ Kd3 74.Rc1 Kd2 75.Ra1 Ne7 76.a4 Nxd5  0-1

[Event "TCh-CZE 2001-2"]
[Site "CZE"]
[Date "2002.04.06"]
[Round "10"]
[White "Tibensky,R"]
[Black "Karlik,V"]
[Result "1-0"]
[WhiteElo "2442"]
[BlackElo "2277"]

1.d4 Nf6 2.Nf3 g6 3.c4 Bg7 4.g3 O-O 5.Bg2 d6 6.O-O Nbd7 7.Nc3 e5 8.e4 a6
9.Re1 exd4 10.Nxd4 Ng4 11.Qxg4 Bxd4 12.Qd1 Bg7 13.f4 Nb6 14.Qd3 f5 15.Be3 fxe4
16.Bxe4 Nd7 17.Bg2 Nf6 18.h3 Bf5 19.Qd2 Rb8 20.Ba7 Ra8 21.Bf2 Rb8 22.g4 Bd7
23.f5 gxf5 24.g5 Ne4 25.Nxe4 fxe4 26.Rxe4 Bf5 27.Re2 Qd7 28.Bd4 Rbe8 29.Rae1 Rxe2
30.Rxe2 c6 31.Bxg7 Qxg7 32.h4 Bg4 33.Re4 Qd7 34.Rd4 Rd8 35.Qf4 Bh5 36.Qf6 Bf7
37.Bh3 Qe8 38.Kf2 d5 39.c5 Qf8 40.b4 Re8 41.Bd7 Re7 42.Bg4 Qe8 43.Rf4 Re4
44.a3 Rc4 45.Rxc4 dxc4 46.Bf5 Bd5 47.g6 h6 48.g7 Qf7 49.Qxf7+ Kxf7 50.Ke3 Kxg7
51.Kd4 Kf6 52.Bc8 Be6 53.Bxb7 Bd7 54.Bxa6 Kf5 55.a4  1-0

[Event "TCh-CZE 2001-2"]
[Site "CZE"]
[Date "2002.04.07"]
[Round "11"]
[White "Matlak,M"]
[Black "Fajman,P"]
[Result "1-0"]
[WhiteElo "2488"]
[BlackElo "2294"]

1.d4 Nf6 2.Nf3 g6 3.c4 Bg7 4.g3 d6 5.Bg2 O-O 6.O-O Bd7 7.Nc3 Qc8 8.e4 c6
9.Re1 Bh3 10.e5 dxe5 11.dxe5 Ne8 12.Bg5 Bxg2 13.Kxg2 f6 14.exf6 exf6 15.Bf4 Nd7
16.h4 Rf7 17.Qe2 Nf8 18.c5 Qg4 19.Qc4 g5 20.Re7 Qh5 21.hxg5  1-0

[Event "III Open"]
[Site "Dos Hermanas ESP"]
[Date "2002.04.08"]
[Round "4"]
[White "Rustemov,A"]
[Black "Diaz Castro,S"]
[Result "1-0"]
[WhiteElo "2607"]
[BlackElo "2141"]

1.d4 Nf6 2.Nf3 g6 3.c4 Bg7 4.g3 O-O 5.Bg2 d6 6.Nc3 c6 7.O-O Qb6 8.b3 Nbd7
9.e4 e5 10.Re1 exd4 11.Nxd4 Ng4 12.Nce2 c5 13.Nc2 d5 14.Nf4 Bxa1 15.Nxd5 Qa5
16.Nxa1 Qxa2 17.Re2 Qa5 18.Ne7+ Kh8 19.Bb2+ Nde5 20.f4 f6 21.fxe5 Nxe5 22.Rf2 Bg4
23.Qf1  1-0

[Event "FSGMB April"]
[Site "Budapest HUN"]
[Date "2002.04.09"]
[Round "8"]
[White "Horvath,P1"]
[Black "Gara,A"]
[Result "1-0"]
[WhiteElo "2489"]
[BlackElo "2339"]

1.d4 Nf6 2.c4 g6 3.g3 Bg7 4.Bg2 d6 5.Nf3 O-O 6.Nc3 c6 7.O-O Qa5 8.e4 Qh5
9.e5 dxe5 10.Nxe5 Ng4 11.Nf3 Nh6 12.Re1 Bg4 13.Bxh6 Qxh6 14.Rxe7 Nd7 15.Qb3 Rab8
16.Rae1 Qh5 17.Ne5 Bxe5 18.dxe5 Qg5 19.Qa3 Qd2 20.Rf1 Rfe8 21.Ne4 Qd4 22.Qd6 Qxd6
23.exd6 Rxe7 24.dxe7 Re8 25.Re1 Be6 26.Nd6 Rxe7 27.Nxb7 Kf8 28.b3 Nb8 29.Nc5 Bf5
30.Kf1 Rxe1+ 31.Kxe1 Ke7 32.Kd2 Kd6 33.b4 Ke5 34.f4+ Kd6 35.Kc3 h5 36.Kd4 Bc2
37.Bh3 Bd1 38.a3 Bc2 39.a4 Bd1 40.Bg2 Be2 41.Ne4+ Kc7 42.Nc5 Kd6 43.Be4 Bf1
44.f5 gxf5 45.Bxf5 Bg2 46.Be4 Bh3 47.Bf3 Bf5 48.Bxh5 f6 49.Bf3 Bh7 50.g4 Bg6
51.h4  1-0

[Event "Golden Cleopatra"]
[Site "Cairo EGY"]
[Date "2002.04.10"]
[Round "4"]
[White "Kopulova,L"]
[Black "Nayer,A"]
[Result "1-0"]
[WhiteElo "2219"]
[BlackElo "2006"]

1.d4 g6 2.g3 Bg7 3.Bg2 Nf6 4.Nf3 d6 5.c4 O-O 6.O-O Nbd7 7.Nc3 c6 8.h3 e5
9.dxe5 dxe5 10.Be3 Qe7 11.Qc1 Re8 12.Rd1 Nf8 13.a3 N6d7 14.b4 f5 15.Ra2 Ne6
16.Ng5 Ndf8 17.Nxe6 Nxe6 18.Bh6 Bf6 19.b5 e4 20.Be3 Nc7 21.a4 Be6 22.Rad2 Rad8
23.Bxa7 Qb4 24.Bd4 Bxd4 25.Rxd4 Rxd4 26.Rxd4 c5 27.Rd6 Qxc4 28.Qd2 Qb4 29.Bf1 Bf7
30.e3 Ne6 31.h4 Nc7 32.b6 Na6 33.Bb5 Rf8 34.Rd7 c4 35.Qd4 Nc5 36.Rxf7 Rxf7
37.Bxc4 Ne6 38.Bxe6  1-0

[Event "Golden Cleopatra"]
[Site "Cairo EGY"]
[Date "2002.04.11"]
[Round "5"]
[White "Rausis,I"]
[Black "Georgiev,Kr"]
[Result "1/2-1/2"]
[WhiteElo "2466"]
[BlackElo "2513"]

1.d4 Nf6 2.Nf3 g6 3.g3 Bg7 4.c4 O-O 5.Bg2 d6 6.O-O c6 7.Nc3 a6 8.e4 Be6 9.Qe2 b5
10.d5 Bg4 11.h3 Bxf3 12.Bxf3 Nfd7  1/2-1/2

[Event "III Open"]
[Site "Dos Hermanas ESP"]
[Date "2002.04.11"]
[Round "7"]
[White "Comas Fabrego,L"]
[Black "Cabrera,A"]
[Result "1/2-1/2"]
[WhiteElo "2520"]
[BlackElo "2440"]

1.d4 Nf6 2.c4 g6 3.Nf3 Bg7 4.g3 O-O 5.Bg2 d6 6.O-O c6 7.Nc3 Qa5 8.e4 e5 9.h3 Nbd7
10.Re1 exd4 11.Nxd4 Re8 12.Nb3 Qc7 13.f4 b6 14.Be3 Ba6 15.Nd2 Nc5 16.Qc2 Nfd7
17.b4 Ne6 18.Rac1 Bb7 19.Nb3 a5 20.bxa5 bxa5 21.Na4 c5 22.Qd3 Bc6 23.Nc3 a4
24.Nd2 Nd4 25.Nb5 Bxb5 26.cxb5 Rac8 27.Bxd4 Bxd4+ 28.Kh2  1/2-1/2

[Event "10th Hotel Opatija GM"]
[Site "Kastav CRO"]
[Date "2002.04.14"]
[Round "6"]
[White "Vukic,M"]
[Black "Mukic,J"]
[Result "1-0"]
[WhiteElo "2500"]
[BlackElo "2379"]

1.Nf3 g6 2.c4 Bg7 3.d4 Nf6 4.g3 O-O 5.Bg2 d6 6.O-O Nbd7 7.Nc3 e5 8.e4 exd4
9.Nxd4 Re8 10.h3 Nc5 11.Re1 h6 12.Kh2 Bd7 13.Rb1 a5 14.b3 Nh7 15.Be3 Ng5
16.f3 h5 17.Qd2 Nh7 18.Rbd1 a4 19.b4 Ne6 20.Nde2 h4 21.g4 g5 22.Kh1 Nhf8
23.Nd5 Ng6 24.f4 gxf4 25.Nexf4 Nexf4 26.Nxf4 Nxf4 27.Bxf4 Be6 28.Rc1 a3 29.Rf1 Qf6
30.e5 dxe5 31.Bg5 Qg6 32.Bxb7 Rab8 33.Bc6 Rec8 34.Be7 Bf8 35.Bxf8 Rxf8 36.Qc3 Rfd8
37.Bg2 Rd4 38.Qxa3 Bxc4 39.Rf5 Be6 40.Rxe5 Rdxb4 41.Qe3 Qf6 42.Rg5+ Kh8 43.Rh5+ Kg8
44.Rcc5 Rd4 45.Qg5+ Qg7 46.Qxh4 f6 47.Qf2 Rd1+ 48.Kh2 f5 49.Qe3 Qe7 50.Re5 Qd6
51.Qg5+ Kf7  1-0

[Event "Open"]
[Site "Dubai UAE"]
[Date "2002.04.15"]
[Round "1"]
[White "Mohd,Ahmed Al Rais"]
[Black "Gadjily,R"]
[Result "0-1"]
[WhiteElo "2122"]
[BlackElo "2418"]

1.d4 Nf6 2.Nf3 g6 3.g3 Bg7 4.c4 O-O 5.Bg2 d6 6.O-O Nbd7 7.Nc3 e5 8.e4 a6
9.d5 Ne8 10.Ne1 f5 11.f4 exf4 12.Bxf4 Nc5 13.Nd3 Nxe4 14.Nxe4 fxe4 15.Bxe4 Bh3
16.Re1 Bd4+ 17.Kh1 Nf6 18.Bg5 Qd7 19.Bxf6 Rxf6 20.Nf4 Bf2 21.Qb3 Bxe1 22.Rxe1 Raf8
23.Qxb7 Rxf4 24.gxf4 Re8 25.Qb3 Bf5 26.Qc3 Rxe4 27.Rxe4 Bxe4+ 28.Kg1 Qg4+
29.Qg3 Qxg3+ 30.hxg3 Bd3 31.b3 Bb1 32.a3 Ba2  0-1

[Event "Golden Cleopatra"]
[Site "Cairo EGY"]
[Date "2002.04.17"]
[Round "11"]
[White "Kaabi,M"]
[Black "Hassan,Say"]
[Result "1-0"]
[WhiteElo "2352"]
[BlackElo "2345"]

1.d4 Nf6 2.Nf3 g6 3.c4 Bg7 4.g3 O-O 5.Bg2 d6 6.O-O Nc6 7.Nc3 Bg4 8.d5 Na5
9.Nd2 c5 10.h3 Bd7 11.Qc2 a6 12.b3 b5 13.Bb2 Rb8 14.Rab1 e5 15.dxe6 fxe6
16.cxb5 axb5 17.Nce4 Bc6 18.Bxf6 Bxf6 19.Rbd1 Be7 20.h4 Qb6 21.Bh3 Bd7 22.Nf3 Rf5
23.Bxf5 gxf5 24.Nxc5 Bc8 25.Nd3 Nc6 26.Qd2 Rb7 27.Nf4 Bf8 28.Nh5 h6 29.Rc1 Rc7
30.e4 fxe4 31.Nf6+ Kh8 32.Nxe4 d5 33.Qf4 Bg7 34.Nd6 Kg8  1-0

[Event "Golden Cleopatra"]
[Site "Cairo EGY"]
[Date "2002.04.17"]
[Round "11"]
[White "Sriram,J"]
[Black "Ezat,M"]
[Result "1/2-1/2"]
[WhiteElo "2408"]
[BlackElo "2309"]

1.d4 Nf6 2.c4 g6 3.g3 Bg7 4.Bg2 O-O 5.Nf3 d6 6.O-O Nc6 7.Nc3 a6 8.h3 Rb8
9.e4 Nd7 10.Be3 b5 11.cxb5 axb5 12.Rc1 Na5 13.b3 c5 14.Re1 c4 15.Nd5 e6 16.Nb4 Bb7
17.Nd2 Rc8 18.bxc4 Nxc4 19.Nxc4 bxc4 20.d5 exd5 21.Nxd5 Bxd5 22.Qxd5 Ne5
23.Red1 Nd3 24.Rb1 Nb2 25.Re1 c3 26.Bf4 Nc4 27.Bf1 Rc5  1/2-1/2

[Event "Open"]
[Site "Dubai UAE"]
[Date "2002.04.22"]
[Round "6"]
[White "Visweswaran,K"]
[Black "Al Sayed,Mohamad"]
[Result "0-1"]
[WhiteElo "2310"]
[BlackElo "2413"]

1.d4 Nf6 2.Nf3 g6 3.g3 Bg7 4.Bg2 O-O 5.c4 d6 6.Nc3 Nc6 7.O-O a6 8.d5 Na5
9.Nd2 c5 10.Qc2 Rb8 11.Rb1 e5 12.a3 Qc7 13.Nd1 b5 14.cxb5 axb5 15.b4 Nb7
16.Bb2 Qe7 17.e4 Nh5 18.f4 exf4 19.Bxg7 Nxg7 20.gxf4 f5 21.bxc5 Nxc5 22.e5 Ba6
23.Rb4 Rbc8 24.Nf3 Ne4 25.Qb2 Nh5 26.Nd4 dxe5 27.Nc6 Qc5+ 28.Nf2 Nxf4 29.Qxe5 Nxf2
30.Rxf4 Rxc6 31.R4xf2 Qd6 32.Qd4 Re8 33.Rd1 Rc4 34.Qb2 Re3 35.Qd2 Re7 36.Re1 Rcc7
37.Rfe2 Kf7 38.Re6 Qc5+ 39.Kh1 Bc8 40.Rxe7+ Rxe7 41.Rc1 Qe3 42.Qxe3 Rxe3
43.Bf1 Bd7 44.Rc7 Ke8 45.Rb7 Rxa3 46.Bxb5 Bxb5 47.Rxb5 Ra7 48.Kg2 Ke7 49.Kf3 Kd6
50.Kf4 Ra4+ 51.Kf3 g5 52.Rb7 Rh4 53.Rf7 f4 54.Ke4 Rxh2 55.Rf6+ Ke7 56.Kf5 h6
57.Ra6 f3 58.Ke4 f2 59.Ra7+ Kd6 60.Ra6+ Kc7 61.Rf6 g4 62.Ke5 g3 63.d6+ Kc6
64.Ke6 Rh1  0-1

[Event "Oceana zt"]
[Site "Warwick Fiji FIJ"]
[Date "2002.05.06"]
[Round "2"]
[White "Kagan,N"]
[Black "Lane,G"]
[Result "1/2-1/2"]
[WhiteElo "2250"]
[BlackElo "2446"]

1.d4 Nf6 2.Nf3 g6 3.g3 Bg7 4.Bg2 O-O 5.c4 d6 6.Nc3 Nc6 7.d5 Na5 8.Nd2 c5
9.O-O a6 10.Qc2 Rb8 11.b3 b5 12.Bb2 e5 13.dxe6 fxe6 14.cxb5 axb5 15.Nce4 Nxe4
16.Nxe4 Bxb2 17.Qxb2 Bb7 18.Rfd1 Bxe4 19.Bxe4 d5 20.Bg2 Qb6 21.e3 b4 22.h4 c4
23.bxc4 Nxc4 24.Qe2 Ne5 25.Rac1 Rbc8 26.h5 Rxc1 27.Rxc1 g5 28.h6 d4 29.exd4 Qxd4
30.Rc7 Rf7 31.Rc8+ Rf8 32.Rc7 Rf7 33.Rc8+ Rf8  1/2-1/2

[Event "Oceana zt"]
[Site "Warwick Fiji FIJ"]
[Date "2002.05.08"]
[Round "6"]
[White "Kagan,N"]
[Black "Bennett,H"]
[Result "1-0"]
[WhiteElo "2250"]
[BlackElo "2055"]

1.d4 Nf6 2.Nf3 g6 3.g3 Bg7 4.Bg2 d6 5.c4 O-O 6.O-O Nbd7 7.Nc3 e5 8.e4 Re8
9.Re1 a5 10.h3 exd4 11.Nxd4 Nc5 12.Rb1 c6 13.Nb3 Ne6 14.Be3 Qe7 15.f4 a4
16.Nd4 Nc5 17.Bf2 Qc7 18.Qc2 Nh5 19.Qd2 Bd7 20.Rbd1 Ne6 21.Nde2 a3 22.b3 Qa5
23.Na4 c5 24.Qxa5 Rxa5 25.Nb6 Bc6 26.Rxd6 Nd4 27.Nxd4 cxd4 28.b4 Ra6 29.c5 Bb5
30.e5 d3 31.Bf1 f6 32.e6 f5 33.Bxd3 Bxd3 34.Rxd3 Nf6 35.Bd4  1-0

[Event "Croatian Cup"]
[Site "Pula CRO"]
[Date "2002.05.11"]
[Round "5"]
[White "Biliskov,V"]
[Black "Vukelic,T"]
[Result "1/2-1/2"]
[WhiteElo "2335"]
[BlackElo "2297"]

1.c4 g6 2.d4 Nf6 3.Nf3 Bg7 4.g3 O-O 5.Bg2 d6 6.O-O Nc6 7.Nc3 a6 8.d5 Na5
9.Nd2 c5 10.Rb1 Rb8 11.b3 b5 12.Qc2 h5 13.Bb2 h4 14.Nce4 Nxe4 15.Nxe4 Bxb2
16.Rxb2 h3 17.Bh1 bxc4 18.bxc4 Rxb2 19.Qxb2 Nxc4 20.Qc1 Ne5 21.Qh6 Ng4 22.Qxh3 Kg7
23.Qh4 Rh8 24.Qg5 Nxh2 25.Rb1 Ng4 26.Bg2 Qc7 27.Qd2 Bf5 28.Qb2+ Nf6 29.Nxf6 exf6
30.e4 Bd7 31.Bf1 Bb5 32.Bxb5 axb5 33.Qxb5 Qc8 34.Qf1 Qg4 35.Re1 Qf3 36.Qg2 Qc3
37.Qf1 Ra8 38.Re2 Qc4 39.Rd2 Qxe4 40.Qe2 Qb1+ 41.Kg2 Rh8 42.Rd1 Qf5 43.Kg1 Qh3
44.Qf3 Qh2+ 45.Kf1 Qh1+ 46.Qxh1 Rxh1+ 47.Ke2 Rxd1 48.Kxd1 Kf8 49.Kc2 Ke7
50.Kc3 f5 51.Kc4 Kd7 52.f4 Kc7 53.Kb5 Kb7 54.Ka5  1/2-1/2